000 01064nas a2200337 4500
001 BR2015004869
003 BR-BrBNA
005 20231205125632.0
007 ta
008 230509b bl.|||p| |||| 00| 00por d
040 _aBR-BrBNA
_bpor
_cBiblioteca Nacional de Agricultura
041 _a(Pt)
072 _aL50; L70
100 1 _aMeneses, A.M.
100 1 _aSaito, M.E.
100 1 _aMoraes, C.C.G.
100 1 _aSouza, N.F. de
100 1 _aBastos, R.K.G.
100 1 _aLuz, M.A.
100 1 _aSeixas, L. dos S.
100 1 _aMelcert, A.
100 1 _aCaramori, J.C.T.
245 1 _aAvaliação da biocompatibilidade da membrana de acetato de celulose em cães com insuficiência renal aguda submetidos à hemodiálise
650 _aCÃO
650 _aBIOQUÍMICA
650 _aDISTÚRBIO FISIOLÓGICO
650 _aVETERINÁRIA
773 0 _tRevista Brasileira de Medicina Veterinária (Brazil)
_xISSN 0100-2430
_g(Oct-Dec 2014), v. 36(4) p. 362-366
_wBR2015004869
909 _a202311
_bLúcia
_c55
_dLúcia Elande
942 _2AGRIS
_n0
_cANA
999 _c245306
_d245306